000
00273nam a2200097Ia 4500
008
220204s9999 xx 000 0 und d
082
_a
31:633.721965-66
_b
TEA
245
0
_a
Tea statistics 1965-66, 1966-67, 1967-68, 1970-71
260
_a
Calcutta
_b
Tea Board
_c
1966
942
_c
BK
999
_c
22313
_d
22313